Statistics for Finish the Lyrics - Running Up That Hill (A Deal with God)

Click here to take the quiz!

General Stats

  • This quiz has been taken 12 times
  • The average score is 54 of 61

Answer Stats

HintAnswer% Correct
Be runnin' up that ________ (yo)building
100%
Be runnin' up that ________building
100%
I'd make a ____ with Goddeal
100%
Do you wanna hear about the ____ that I'm making? (Yeah, yeah, yo)deal
100%
I'd make a ____ with Goddeal
100%
I'd make a ____ with Goddeal
100%
I'd make a ____ with Goddeal
100%
I'd make a ____ with Goddeal
100%
Be runnin' up that _____hill
100%
I'd be runnin' up that ____hill
100%
Be runnin' up that _____hill
100%
Be runnin' up that ____hill
100%
Be runnin' up that ____hill
100%
Be runnin' up that ____hill
100%
And I'd get Him to swap our ______places
100%
And I'd get Him to swap our ______places
100%
And I'd get Him to swap our ______places
100%
And I'd get Him to swap our ______places
100%
And I'd get Him to swap our ______places
100%
___ (yeah, yeah, yo)you
100%
___you
100%
It's ___ and meyou
100%
It's ___ and meyou
100%
___you
100%
It's ___ and meyou
100%
It's ___ and meyou
100%
It's ___ and meyou
100%
Say, if I only _____, ohcould
91%
Say, if I only _____could
91%
And if I only _____could
91%
And if I only _____could
91%
Say, if I only _____could
91%
Say, if I only _____, ohcould
91%
And if I only _____could
91%
Say, if I only _____could
91%
Do you wanna feel how it _____? (Yeah, yeah, yo)feels
91%
It doesn't ____ me (yeah, yeah, yo)hurt
91%
You don't wanna ____ me (yeah, yeah, yo)hurt
91%
Do you wanna know, know that it doesn't ____ me? (Yeah, yeah, yo)hurt
91%
I'd be runnin' up that _____road
91%
Be runnin' up that ____road
91%
I'd be runnin' up that _____road
91%
Be runnin' up that ____road
91%
I'd be runnin' up that ____road
91%
Oh, come on, ____ (yeah)baby
82%
But see how deep the ______ lies (yeah, yeah, yo)bullet
82%
Oh, come on, ______' (yo)darlin
82%
Come on, come on, ______'darlin
82%
Oh, there is thunder in our ______ (yeah, yeah, yo)hearts
82%
Unaware I'm tearin' you _______ (yeah, yeah, yo)asunder
73%
Oh, tell me, we both ______, don't we? (Yeah, yeah, yo)matter
73%
Is there so much ____ for the ones we love? (Yeah, yeah, yo)hate
64%
With no ________problems
64%
With no ________problems
64%
With no ________problems
64%
With no ________problems
64%
Let me _____ this moment from you nowsteal
64%
Let's exchange the __________ (yo), oh, ooh, oohexperience
55%
Won't be _______unhappy
55%
Won't be _______ (yeah, yeah, yo)unhappy
55%
Oh, come on, _____angel
45%

Score Distribution

Percentile by Number Answered

Percent of People with Each Score

Your Score History

You have not taken this quiz